Statistiques concernant Focus sur: Brego - Tolkien

Cliquez ici pour prendre le quiz!

Statistiques générales

  • Ce quiz a été pris 3 fois
  • Le résultat moyen est 10 sur 13

Statistiques - réponses

Informations recherchéesRéponses% Correct
Couleur des cheveuxBlond
100%
CitéEdoras
100%
PèreEorl
100%
EspèceHomme
100%
Première mentionLe Seigneur des Anneaux: Le Retour du Roi
100%
Maison (lignée)Maison d'{Eorl}
100%
RoyaumeRohan
100%
Profession et titreRoi du Rohan
100%
Ages durant lequel il vécutTroisième
100%
FilsAldor
50%
Baldor
0%
SurnomBâtisseur de Salle
0%
Éofor
0%

Distribution des résultats

Percentile par nombre de réponses

% des personnes avec chaque résultat

Votre développement - résultats

Vous n’avez pas pris ce quiz